01292nam a22002777a 4500003000900000005001700009007000300026008004100029020001800070040002500088082001600113100003500129245019900164260007300363300002000436490001600456590002700472700003800499700004200537910001400579942001400593952012600607952013200733952013200865999001700997DO-SdBNP20221207160909.0ta110301s2022 dr 000 0 spa d a9789945934311 aDO-SdBNPbspacBNPHU 4axxxxbS211a aSanchez, Rafael Augusto98300410aAsesinato de Rafael Augusto (papito) Sánchez Sanlley y de Segundo Imbert Barrera /cRafael Augusto Sánchez (hijo), Manuel Cáceres Troncoso (memé) ; presentación Luisa de ^Peña Díaz aSanto Domingo :bMuseo Memorial de la Resistencia Dominicana,c2022. a79 p. :c22 cm. aTertuliav6 aInventariado, 2022/ YL12aCáceres Troncoso, Manuel98300512aPeña Díaz, Luisa deepres.983006 aYLockward 2ddccLBS1 00102ddc51708PDaBNPHUbBNPHUcCTd2022-10-07eEditora Búhol0oxxxx S211ap2022-5939r2022-12-07w2022-12-07yLBS1 00102ddc51708PDaBNPHUbBNPHUcCTd2022-10-07eEditora Búhol0oxxxx S211ap2022-5940r2022-12-07te. 2w2022-12-07yLBS1 00102ddc56708DSaBNPHUbBNPHUcCTd2022-10-07eEditora Búhol0oxxxx S211ap2022-5941r2022-12-07te. 3w2022-12-07yLBS1 c53091d53091